[Event "IECC CL3-2003.16 email"]
[Site "IECC email"]
[Date "2003.07.17"]
[Round "?"]
[White "Van Nierop, Arie"]
[Black "Sanfrutos Lopez, Francisco Javier"]
[Result "1-0"]
[WhiteElo "1934"]
[BlackElo "2096"]
[PlyCount "47"]
[EventDate "2003.??.??"]
[EventType "tourn (corr)"]
[EventRounds "4"]
[SourceTitle "Corr 2008"]
[Source "ChessBase"]
[SourceDate "2008.06.24"]
[SourceVersion "1"]
[SourceVersionDate "2008.06.24"]
[SourceQuality "1"]

1. d4 Nf6 2. c4 e6 3. Nc3 Bb4 4. e3 b6 5. Nge2 Ne4 6. Qc2 Bb7 7. h4 f5 8. a3 Be7 9. h5 Bg5 10. d5 Nd6 11. b4 exd5 12. Nxd5 0-0 13. Bb2 c6 14. Ndf4 Ne4 15. h6 Bxh6 16. f3 Bxf4 17. exf4 Nf6 18. Qxf5 Rf7 19. g4 Qe8 20. Qd3 Re7 21. Kf2 c5 22. Bxf6 gxf6 23. Ng3 d5 24. cxd5 1-0

[Event "IECC CL3-2003.09 email"]
[Site "IECC email"]
[Date "2003.04.10"]
[Round "?"]
[White "Makowski, Tomasz"]
[Black "Sanfrutos Lopez, Francisco Javier"]
[Result "0-1"]
[WhiteElo "2005"]
[BlackElo "2061"]
[PlyCount "98"]
[EventDate "2003.??.??"]
[EventType "tourn (corr)"]
[EventRounds "4"]
[SourceTitle "Corr 2008"]
[Source "ChessBase"]
[SourceDate "2008.06.24"]
[SourceVersion "1"]
[SourceVersionDate "2008.06.24"]
[SourceQuality "1"]

1. c4 Nf6 2. Nc3 b6 3. d4 Bb7 4. Nf3 e6 5. a3 d5 6. cxd5 Nxd5 7. Qc2 Nxc3 8. bxc3 c5 9. e4 Nd7 10. Bd3 Qc7 11. Qb1 g6 12. 0-0 Bg7 13. Ra2 0-0 14. Re2 Rac8 15. Rd1 h6 16. Be3 Rfd8 17. e5 a6 18. a4 Ra8 19. Rde1 Bc6 20. Be4 Qb7 21. Bxc6 Qxc6 22. Qb3 c4 23. Qc2 b5 24. axb5 axb5 25. Rb1 Nb6 26. Nd2 Ra3 27. Ne4 Rda8 28. Bc1 Ra1 29. h4 Nd5 30. h5 gxh5 31. Rxa1 Rxa1 32. Kh2 b4 33. cxb4 c3 34. Be3 Ra4 35. Qc1 Qc4 36. Re1 Bxe5+ 37. dxe5 Qxe4 38. Bc5 Qh4+ 39. Kg1 Qg5 40. Qc2 Ra8 41. Qe2 Qg4 42. g3 Kg7 43. Kf1 Ra3 44. Qxg4+ hxg4 45. Ke2 Rb3 46. Kd3 Kg6 47. Rh1 Rb2 48. Kc4 Kf5 49. Re1 c2 0-1

[Event "IECG CB.2003.0.00074 email"]
[Site "IECG email"]
[Date "2003.03.30"]
[Round "?"]
[White "Laczay, Istvan"]
[Black "Sanfrutos Lopez, Francisco Javier"]
[Result "1/2-1/2"]
[WhiteElo "1924"]
[BlackElo "1850"]
[PlyCount "37"]
[EventDate "2003.03.30"]
[EventType "tourn (corr)"]
[EventRounds "6"]
[SourceTitle "Corr 2008"]
[Source "ChessBase"]
[SourceDate "2008.06.24"]
[SourceVersion "1"]
[SourceVersionDate "2008.06.24"]
[SourceQuality "1"]

1. d4 Nf6 2. c4 e6 3. Nc3 Bb4 4. Qc2 0-0 5. Nf3 c5 6. a3 Bxc3+ 7. Qxc3 cxd4 8. Qxd4 Nc6 9. Qh4 d5 10. cxd5 Qxd5 11. Bg5 Ne4 12. Rd1 Qf5 13. e3 Nxg5 14. Qxg5 e5 15. Bd3 Qxg5 16. Nxg5 h6 17. Ne4 Rd8 18. Ke2 Be6 19. Rd2 1/2-1/2

[Event "IECG CB.2003.0.00071 email"]
[Site "IECG email"]
[Date "2003.03.04"]
[Round "?"]
[White "Sanfrutos Lopez, Francisco Javier"]
[Black "Magari, Marco"]
[Result "0-1"]
[WhiteElo "1850"]
[BlackElo "1800"]
[PlyCount "56"]
[EventDate "2003.03.04"]
[EventType "tourn (corr)"]
[EventRounds "6"]
[SourceTitle "Corr 2008"]
[Source "ChessBase"]
[SourceDate "2008.06.24"]
[SourceVersion "1"]
[SourceVersionDate "2008.06.24"]
[SourceQuality "1"]

1. e4 g6 2. d4 Bg7 3. Nc3 d6 4. Be3 Nd7 5. Qd2 e6 6. Nf3 h6 7. Bd3 Ne7 8. 0-0 a6 9. Rad1 b6 10. Rfe1 Bb7 11. Kh1 Qb8 12. a4 Qc8 13. a5 b5 14. b4 Kf8 15. Ne2 Nf6 16. Ng3 d5 17. exd5 Bxd5 18. Ne5 Qb7 19. f3 Rd8 20. Re2 Kg8 21. Qe1 Nc6 22. Kg1 Nd7 23. Nxc6 Qxc6 24. Bf2 Bc4 25. Ne4 Kh7 26. Qc3 Nf6 27. Bxc4 Nxe4 28. fxe4 Rd7 0-1

[Event "IECG CB.2003.0.00071 email"]
[Site "IECG email"]
[Date "2003.03.04"]
[Round "?"]
[White "Wong, Victor"]
[Black "Sanfrutos Lopez, Francisco Javier"]
[Result "1/2-1/2"]
[WhiteElo "1950"]
[BlackElo "1850"]
[PlyCount "73"]
[EventDate "2003.03.04"]
[EventType "tourn (corr)"]
[EventRounds "6"]
[SourceTitle "Corr 2008"]
[Source "ChessBase"]
[SourceDate "2008.06.24"]
[SourceVersion "1"]
[SourceVersionDate "2008.06.24"]
[SourceQuality "1"]

1. d4 Nf6 2. c4 e6 3. Nf3 d5 4. Nc3 dxc4 5. e4 Bb4 6. Bg5 c5 7. Bxc4 cxd4 8. Nxd4 Bxc3+ 9. bxc3 Qa5 10. Bb5+ Nbd7 11. Bxf6 Qxc3+ 12. Kf1 gxf6 13. h4 a6 14. Rh3 Qa5 15. Be2 Ne5 16. Qc1 Bd7 17. Rc3 Ng6 18. g3 Qb4 19. Qe3 Qd6 20. Nb3 Bc6 21. Na5 Ne7 22. Rb1 0-0 23. Nxb7 Qe5 24. Nc5 Rfd8 25. f4 Qd4 26. a3 a5 27. h5 Qxe3 28. Rxe3 Rd2 29. Nb3 Rdd8 30. g4 e5 31. fxe5 fxe5 32. Rc1 Be8 33. g5 a4 34. Nc5 h6 35. Nd3 Nc6 36. Rc5 Nd4 37. Nxe5 1/2-1/2

[Event "IECC CL3-2003.04 email"]
[Site "IECC email"]
[Date "2003.02.08"]
[Round "?"]
[White "Sanfrutos Lopez, Francisco Javier"]
[Black "Chadwick, Charles"]
[Result "1-0"]
[WhiteElo "1960"]
[BlackElo "1812"]
[PlyCount "65"]
[EventDate "2003.??.??"]
[EventType "tourn (corr)"]
[EventRounds "4"]
[SourceTitle "Corr 2008"]
[Source "ChessBase"]
[SourceDate "2008.06.24"]
[SourceVersion "1"]
[SourceVersionDate "2008.06.24"]
[SourceQuality "1"]

1. b3 e5 2. Bb2 d6 3. e3 Nf6 4. d4 exd4 5. exd4 d5 6. Nf3 Bb4+ 7. c3 Be7 8. Qc2 Nc6 9. Be2 Bg4 10. Nbd2 Qd6 11. 0-0 0-0 12. Rfe1 Rfe8 13. Bd3 Bf8 14. h3 Bh5 15. Nh4 Ne7 16. Ndf3 Bxf3 17. Nxf3 Ng6 18. g3 c6 19. Kg2 Qc7 20. a3 Bd6 21. c4 Rac8 22. c5 Bf8 23. Ne5 Rcd8 24. f4 Nd7 25. Nxd7 Qxd7 26. f5 Ne7 27. f6 Ng6 28. Bf5 Qc7 29. h4 gxf6 30. h5 Bh6 31. hxg6 hxg6 32. Bxg6 Kg7 33. Bf5 1-0

[Event "IECG CB.2002.0.00061 email"]
[Site "IECG email"]
[Date "2002.11.27"]
[Round "1"]
[White "Van Bommel, Ton"]
[Black "Sanfrutos Lopez, Francisco Javier"]
[Result "0-1"]
[WhiteElo "1850"]
[BlackElo "1850"]
[PlyCount "44"]
[EventDate "2002.11.27"]
[EventType "tourn (corr)"]
[EventRounds "6"]
[SourceTitle "Corr 2024"]
[Source "ChessBase"]
[SourceDate "2023.10.19"]
[SourceVersion "1"]
[SourceVersionDate "2023.10.19"]
[SourceQuality "1"]

1. e4 e5 2. Nf3 Nf6 3. d4 Nxe4 4. Bd3 d5 5. Nxe5 Bd6 6. 0-0 0-0 7. c4 Bxe5 8. dxe5 Nc6 9. cxd5 Qxd5 10. Qc2 Nb4 11. Bxe4 Nxc2 12. Bxd5 Bf5 13. g4 Bxg4 14. Bf4 Nxa1 15. Be4 f5 16. Bd5+ Kh8 17. Rc1 c6 18. Bg2 Rfd8 19. Nd2 Rxd2 20. Bxd2 Rd8 21. Bc3 Rd1+ 22. Bf1 Rxc1 0-1

[Event "IECG CB.2002.0.00056 email"]
[Site "IECG email"]
[Date "2002.09.12"]
[Round "1"]
[White "Gloth, Gerrit"]
[Black "Sanfrutos Lopez, Francisco Javier"]
[Result "0-1"]
[WhiteElo "1850"]
[BlackElo "1850"]
[PlyCount "74"]
[EventDate "2002.09.12"]
[EventType "tourn (corr)"]
[EventRounds "6"]
[SourceTitle "Corr 2024"]
[Source "ChessBase"]
[SourceDate "2023.10.19"]
[SourceVersion "1"]
[SourceVersionDate "2023.10.19"]
[SourceQuality "1"]

1. e4 e5 2. Bc4 Nf6 3. d3 c6 4. Nf3 Be7 5. 0-0 d6 6. h3 0-0 7. Re1 Nbd7 8. a4 a5 9. Nc3 Nc5 10. d4 exd4 11. Nxd4 Be6 12. Bxe6 fxe6 13. e5 dxe5 14. Rxe5 Qc8 15. Bg5 Bd6 16. Re1 Nd5 17. Ne4 Nxe4 18. Rxe4 e5 19. Nf3 Qf5 20. Qd3 Qg6 21. Bd2 Nf6 22. Qb3+ Qf7 23. Qxf7+ Rxf7 24. Re2 e4 25. Ng5 Re7 26. Rae1 Rae8 27. Bc3 Bb4 28. Bxb4 axb4 29. Nf3 Kf7 30. Nd2 h5 31. Nc4 Ke6 32. Rd2 Rd7 33. Rxd7 Kxd7 34. Rd1+ Ke6 35. Rd6+ Ke7 36. Rd4 Ke6 37. Kf1 g5 0-1

[Event "IECG CB.2002.0.00056 email"]
[Site "IECG email"]
[Date "2002.09.12"]
[Round "1"]
[White "Sanfrutos Lopez, Francisco Javier"]
[Black "Pecotic, Kuzma"]
[Result "1-0"]
[WhiteElo "1850"]
[BlackElo "1899"]
[PlyCount "90"]
[EventDate "2002.09.12"]
[EventType "tourn (corr)"]
[EventRounds "6"]
[SourceTitle "Corr 2024"]
[Source "ChessBase"]
[SourceDate "2023.10.19"]
[SourceVersion "1"]
[SourceVersionDate "2023.10.19"]
[SourceQuality "1"]

1. d4 d5 2. Nf3 Nf6 3. c4 e6 4. g3 dxc4 5. Bg2 a6 6. 0-0 Nc6 7. a4 Rb8 8. a5 Bb4 9. Qc2 0-0 10. Qxc4 Qd5 11. Qxd5 Nxd5 12. Bd2 Rd8 13. e4 Nde7 14. Bc3 b6 15. axb6 cxb6 16. Nbd2 Bb7 17. Rfc1 h6 18. Nb3 Rbc8 19. Nfd2 Bd6 20. Nc4 Bc7 21. Ne3 Na7 22. d5 exd5 23. exd5 Nb5 24. d6 Nxd6 25. Bxb7 Nxb7 26. Rxa6 Nc5 27. Nxc5 bxc5 28. Kf1 Ra8 29. Rxa8 Rxa8 30. Rd1 Rd8 31. Rxd8+ Bxd8 32. Ke2 Nc8 33. Kd3 Nb6 34. Ba5 Bc7 35. Bxb6 Bxb6 36. Kc4 Kf8 37. Kb5 Ba7 38. Nc4 Bb8 39. Kxc5 Ba7+ 40. Nb6 Ke7 41. Kc6 Bb8 42. b4 Be5 43. b5 Bd4 44. Nd5+ Kd8 45. f3 f5 1-0